000 00299nam a22001337a 4500
008 180914b xxu||||| |||| 00| 0 eng d
020 _a9780030089145
041 _aeng
080 _25 ED
_a591
100 _a7
101 _aZOO
245 _aInvertebrate Zoology
_cBarnes.R.D
942 _2udc
_cBK
999 _c47818
_d47818